Paroles : La chanson du loubard - Renaud - Statistiques

Statistiques générales
  • Ce quiz a été pris 33 fois
  • Le résultat moyen est 212 sur 275
Statistiques - réponses
Paroles % Correct
À
100%
a
100%
à
100%
c'
100%
C'
100%
est
100%
l'
100%
Le
100%
le
100%
m'
100%
ma
100%
s'
100%
ai
94%
au
94%
d'
94%
de
94%
j'
94%
J'
94%
jour
94%
la
94%
"La
94%
lève
94%
loubard
94%
pas
94%
se
94%
sur
94%
sûr
94%
un
94%
Un
94%
-ce
88%
ce
88%
froid
88%
mon
88%
Mon
88%
par
88%
Qu'
88%
qu'
88%
que
88%
une
88%
aux
81%
banlieue,
81%
banlieue
81%
elle
81%
en
81%
et
81%
Et
81%
hiver.
81%
il
81%
je
81%
pourtant
81%
suis
81%
air
75%
ces
75%
Dieu,
75%
Dieu...
75%
les
75%
y'
75%
autres,
69%
avec
69%
comme
69%
copain
69%
c't
69%
deux
69%
dit
69%
fait
69%
jours
69%
Mohamed,
69%
moi
69%
Paradis,
69%
pluie.
69%
plus
69%
pourrais
69%
qui
69%
rond
69%
tout
69%
200,
63%
autoroute
63%
bled.
63%
dans
63%
Défense.
63%
enflé
63%
enflé.
63%
faute,
63%
fils
63%
flics,
63%
flics.
63%
fonce
63%
foutre
63%
France
63%
HLM
63%
loin
63%
merdique",
63%
nom
63%
parmi
63%
périphérique,
63%
sérieux,
63%
sérieux.
63%
tant
63%
tard,
63%
terre,
63%
500,
56%
bécane
56%
belle,
56%
bitume
56%
bleu,
56%
bordel.
56%
bourgeois
56%
continue
56%
crame
56%
crèche
56%
entends
56%
fauché
56%
Honda
56%
honnête,
56%
indigne,
56%
miteux,
56%
paraît
56%
paternel
56%
Pierrot
56%
planté,
56%
plein
56%
rigoler,
56%
toi
56%
usine,
56%
avant
50%
bon
50%
buildings
50%
Byzance,
50%
chouette,
50%
chouette.
50%
cinoche,
50%
crever
50%
être
50%
finir
50%
Oh
50%
oh
50%
Parfois
50%
pied
50%
pote,
50%
pote.
50%
soir
50%
vieux
50%
voudrais
50%
ans,
44%
déserte,
44%
drôle,
44%
embaucher
44%
Gavroche.
44%
moche,
44%
quatorze
44%
rue
44%
ouais
38%
crado,
31%
bottes
25%
Aucun quiz correspondant
Distribution des résultats
% des personnes avec chaque résultat
Percentile par nombre de réponses
Votre historique - résultats
Vous n’avez pas pris ce quiz